| 000 | 00924nam a2200265 a 4500 | ||
|---|---|---|---|
| 001 | 000025949 | ||
| 005 | 20200930024157.0 | ||
| 008 | 110217s1975 sp r 000 | spa d | ||
| 020 | _a8425302331 | ||
| 040 |
_aDO-SdBNP _bspa _cBNPHU |
||
| 041 |
_aspa _heng _2Código de idioma MARC |
||
| 082 |
_a306.76 _bP358p, 1975 |
||
| 100 | 1 |
_aPeale, Norman Vincent, _952816 |
|
| 240 | 0 |
_aSin, sex and self-control _lEspañol |
|
| 245 | 1 | 0 |
_aPecado, sexo y autocontrol / _cNorman Vincent Peale ; versión española por Margarita García. |
| 250 | _a4a ed. | ||
| 260 |
_aBarcelona : _bGrijalbo , _c1975. |
||
| 300 |
_a222 p. ; _c21 cm. |
||
| 490 | 1 |
_aObras Completas de Norman Vincent Peale _v5 |
|
| 534 |
_aTítulo original : _tSin, sex and self-control |
||
| 650 | 4 |
_aEducación sexual _92374 |
|
| 650 | 4 |
_aEducación para la vida familiar _92729 |
|
| 830 | 0 |
_aObras Completas de Norman Vincent Peale, _v5 _952817 |
|
| 049 | _aBNGR | ||
| 999 |
_c25441 _d25441 |
||